[Event "Euro Online U2300 Day 1"]
[Site "chess.com INT"]
[Date "2020.05.25"]
[Round "4"]
[White "Doluhanova, Evgeniya"]
[Black "Shapiro, David"]
[Result "0-1"]
[WhiteTitle "WGM"]
[BlackTitle "FM"]
[WhiteElo "2229"]
[BlackElo "2392"]
[WhiteFideId "14112035"]
[BlackFideId "24133523"]
[EventDate "2020.05.25"]

1. Nf3 d5 2. b3 Nc6 3. e3 e5 4. Bb2 Bd6 5. Bb5 Qe7 6. c4 Nf6 7. cxd5 Nxd5 8. Nc3
Nxc3 9. Bxc3 Bg4 10. h3 Bh5 11. Bxc6+ bxc6 12. d3 Rd8 13. Qe2 Bb4 14. Qd2 Bd6
15. Qe2 Bb4 16. Bxb4 Qxb4+ 17. Qd2 Qb5 18. g4 Rxd3 19. Qb2 Qb4+ 20. Ke2 Bg6 21.
Qxe5+ Kf8 22. Rhd1 Rd6 23. Rxd6 cxd6 24. Qd4 Qb5+ 25. Ke1 Qa5+ 26. b4 Qc7 27.
Rd1 Ke7 28. Qxg7 Rb8 29. a3 a5 30. Qd4 axb4 31. axb4 c5 32. bxc5 Qa5+ 33. Kf1
Qxc5 34. Qxc5 dxc5 35. Ne5 Be4 36. f3 Bb7 37. Kf2 f6 38. Nd3 Rc8 39. Rb1 Ba6 40.
Nf4 c4 41. Rc1 Kd6 42. Ne2 Kc5 43. Nc3 Rd8 44. Ne4+ Kc6 45. h4 Rd3 46. Rc3 Rxc3
47. Nxc3 Kc5 48. Ke2 Bb7 49. f4 Bc8 50. g5 fxg5 51. hxg5 Bf5 52. Kd2 Bg6 53. e4
Kd4 54. f5 Bh5 55. f6 Bg6 56. Kc2 Ke5 57. Kb2 Kf4 58. Ka3 Kxg5 59. e5 Kf5 60.
Kb4 Bf7 61. Nb5 Kxe5 62. Kc3 Kxf6 63. Nd6 h5 64. Nxc4 Bxc4 65. Kd4 h4 66. Ke3
Kg5 67. Kf2 Kg4 68. Kg2 h3+ 69. Kh2 Kh4 0-1

[Event "Euro Online U2300 Day 1"]
[Site "chess.com INT"]
[Date "2020.05.25"]
[Round "4"]
[White "Frisk, Ellinor"]
[Black "Sedykh, Mikhail"]
[Result "1/2-1/2"]
[WhiteTitle "WIM"]
[WhiteElo "2176"]
[BlackElo "2119"]
[WhiteFideId "1708481"]
[BlackFideId "447498"]
[EventDate "2020.05.25"]

1. d4 d5 2. e4 dxe4 3. Nc3 e5 4. dxe5 Qxd1+ 5. Kxd1 Bf5 6. Nge2 Nc6 7. Ng3 Bg4+
8. Be2 Bxe2+ 9. Kxe2 O-O-O 10. Be3 Nxe5 11. Ngxe4 Be7 12. Rhd1 Nf6 13. a4 a6 14.
a5 Nxe4 15. Nxe4 Nc4 16. Rxd8+ Rxd8 17. b3 Nxe3 18. Kxe3 f5 19. Ng3 g6 20. Ke2
Bb4 21. Nf1 Rd4 22. Ra4 c5 23. f3 Kd7 24. Ra1 Kc6 25. c4 Bc3 26. Ra2 f4 27. Nd2
Rd7 28. Ne4 Bb4 29. Ra1 h6 30. g3 fxg3 31. hxg3 h5 32. Ra2 Re7 33. Kf2 Rd7 34.
Ke2 Re7 35. Ra1 Rd7 36. Ke3 Rf7 37. Rd1 Bxa5 38. Rd6+ Kc7 39. Rxg6 b6 40. Rh6
Rf5 41. g4 hxg4 42. fxg4 Rf1 43. g5 Rg1 44. g6 Kd8 45. Kf4 Ke7 46. Kf5 Rf1+ 47.
Ke5 Kf8 48. Rh7 Be1 49. Ke6 b5 50. Nf6 Rxf6+ 51. Kxf6 Bc3+ 52. Ke6 bxc4 53. bxc4
a5 54. Ra7 Kg8 55. Kd5 Bb4 56. Kc6 Kf8 57. Kb5 Bc3 58. Rxa5 Kg7 59. Ra6 Bd4 60.
Rc6 Kf8 61. Rxc5 Kg7 62. Rc6 Bg1 63. c5 Bf2 64. Rd6 Bg3 1/2-1/2

[Event "Euro Online U2300 Day 1"]
[Site "chess.com INT"]
[Date "2020.05.25"]
[Round "4"]
[White "Slizunkov, Dmitry"]
[Black "Willow, Jonah B"]
[Result "0-1"]
[BlackTitle "FM"]
[WhiteElo "2120"]
[BlackElo "2386"]
[WhiteFideId "34185949"]
[BlackFideId "438804"]
[EventDate "2020.05.25"]

1. e4 c5 2. Nf3 Nc6 3. c3 Nf6 4. e5 Nd5 5. d4 cxd4 6. cxd4 g6 7. Bc4 Nb6 8. Bb3
Bg7 9. O-O O-O 10. Qe2 d6 11. e6 f5 12. Bd2 d5 13. Nc3 Rf6 14. Rae1 Rxe6 15. Qd3
Rxe1 16. Rxe1 e6 17. Bg5 Bf6 18. h4 Bd7 19. Ne2 Qf8 20. Nf4 Re8 21. g3 Qg7 22.
Bxf6 Qxf6 23. Ne5 Nxe5 24. Rxe5 Bc6 25. Qe3 Kf7 26. Nh3 Bd7 27. Qc3 Rc8 28. Qa5
Ra8 29. Qa3 Kg7 30. Qd6 Qf8 31. Qc7 Qb8 32. Qc5 Kf6 33. Qc1 Kg7 34. Qc5 Qe8 35.
Qc7 Kg8 36. Nf4 Qc8 37. Qd6 Qf8 38. Qxf8+ Kxf8 39. Nxe6+ Bxe6 40. Rxe6 Rc8 41.
a4 Nc4 42. h5 Kf7 43. Re2 Rc6 44. hxg6+ hxg6 45. Rc2 Ke6 46. Kg2 Kd6 47. Kf3 g5
48. Ke2 Rb6 49. Bxc4 dxc4 50. Rxc4 Rxb2+ 51. Ke3 b6 52. Rc8 Rb3+ 53. Ke2 Kd5 54.
Ra8 a5 55. Rd8+ Kc4 56. d5 Kc5 57. Rf8 Ra3 58. Rxf5 Rxa4 59. Rxg5 Rd4 60. f4 a4
61. Rg8 b5 62. Rc8+ Kxd5 63. Rd8+ Kc4 64. Rxd4+ Kxd4 65. Kd2 a3 66. Kc2 b4 67.
Kb3 Ke4 68. Ka2 Kd3 69. Kb3 a2 70. Kb2 a1=Q+ 71. Kxa1 Kc2 72. f5 b3 0-1

[Event "Euro Online U2300 Day 1"]
[Site "chess.com INT"]
[Date "2020.05.25"]
[Round "4"]
[White "Sargsyan, Tigran R."]
[Black "Khazieva, Elza"]
[Result "1-0"]
[BlackTitle "WFM"]
[WhiteElo "2274"]
[BlackElo "2016"]
[WhiteFideId "13311328"]
[BlackFideId "4100166"]
[EventDate "2020.05.25"]

1. Nf3 Nf6 2. c4 d6 3. d4 Bf5 4. Nc3 c6 5. g3 h6 6. Bg2 Nbd7 7. O-O e5 8. Re1
Be7 9. e4 Bh7 10. b3 O-O 11. Bb2 Qc7 12. Qd2 Rad8 13. Rad1 Rfe8 14. h3 Qb8 15.
Qe3 a6 16. d5 Nc5 17. Nd2 cxd5 18. cxd5 b5 19. b4 Ncd7 20. Nb3 Nb6 21. Na5 Nc4
22. Nxc4 bxc4 23. a3 Nd7 24. h4 Rc8 25. Bh3 Rc7 26. Re2 Rf8 27. Qf3 a5 28. b5
Nc5 29. a4 Nd3 30. Ba3 Qb6 31. Rc2 Bd8 32. Bc1 Nb4 33. Be3 Qb8 34. Rcd2 Re7 35.
g4 Bb6 36. Bf1 Rc7 37. Qg3 Bc5 38. Bxc5 Rxc5 39. f3 Qd8 40. Kh2 Qf6 41. g5 hxg5
42. hxg5 Qg6 43. Rg2 f5 44. gxf6 Qxf6 45. Kg1 Rc7 46. Be2 Qf4 47. Qf2 Rf6 48. b6
Rb7 49. Rf1 Nd3 50. Bxd3 cxd3 51. Nb5 Bg6 52. Nc7 Bh5 53. Rg3 d2 54. Ne6 Qh6 55.
Rd1 Rb8 56. Qxd2 Qxd2 57. Rxg7+ Kh8 58. Rxd2 Rxe6 59. dxe6 Kxg7 60. Rxd6 Kf6 61.
Kf2 Ke7 62. Rd5 Kxe6 63. Rxa5 Rxb6 64. f4 exf4 65. Rxh5 Ra6 66. Rh6+ Ke5 67.
Rxa6 Kxe4 68. Rb6 1-0

[Event "Euro Online U2300 Day 1"]
[Site "chess.com INT"]
[Date "2020.05.25"]
[Round "4"]
[White "Tomaszewski, Roman"]
[Black "Mkrtchyan, Mariam"]
[Result "1-0"]
[WhiteTitle "IM"]
[BlackTitle "WFM"]
[WhiteElo "2206"]
[BlackElo "2071"]
[WhiteFideId "1100637"]
[BlackFideId "13310828"]
[EventDate "2020.05.25"]

1. c4 g6 2. Nc3 Bg7 3. g3 d6 4. Bg2 e5 5. e4 Nc6 6. d3 Nge7 7. Nge2 O-O 8. Nd5
Be6 9. O-O f5 10. Be3 Qd7 11. Qd2 Rf7 12. Bg5 Raf8 13. f3 Kh8 14. Rab1 Ng8 15.
Be3 Nd4 16. Nxd4 exd4 17. Bf4 c6 18. Nb4 fxe4 19. fxe4 Nf6 20. Nc2 c5 21. e5 Nh5
22. Bh6 dxe5 23. Bxg7+ Nxg7 24. Rxf7 Rxf7 25. Re1 Qc7 26. Qe2 Bf5 27. g4 Bd7 28.
Qxe5 Bxg4 29. Qxc7 Rxc7 30. Re5 b6 31. b4 Bf5 32. Be4 Bxe4 33. Rxe4 Nf5 34. b5
Re7 35. Rxe7 Nxe7 36. Kf2 Kg7 37. Kf3 Kf6 38. Ke4 Ke6 39. Ne1 Nf5 40. Nf3 h6 41.
a4 g5 42. Nd2 Nd6+ 43. Kf3 Kf5 44. Nb3 Nb7 45. Kg3 h5 46. Nd2 Nd6 47. h3 g4 48.
hxg4+ hxg4 49. Nf1 Kg5 50. Kf2 Kf4 51. Ng3 Nf7 52. Ne4 Ne5 53. Ke2 g3 54. Nd2
Ng4 55. a5 Ne3 56. a6 Nc2 57. Ne4 Ne3 58. Nxc5 bxc5 59. b6 Ng4 60. b7 g2 61.
b8=Q+ Kg5 62. Qd8+ Kf4 63. Qb8+ Kg5 64. Qg3 Kf5 65. Qxg2 1-0

[Event "Euro Online U2300 Day 1"]
[Site "chess.com INT"]
[Date "2020.05.25"]
[Round "4"]
[White "Protopopova, Anastasiya"]
[Black "Maugenest, Ghislain"]
[Result "1-0"]
[WhiteTitle "WFM"]
[WhiteElo "2192"]
[BlackElo "2013"]
[WhiteFideId "24172073"]
[BlackFideId "36029483"]
[EventDate "2020.05.25"]

1. d4 d5 2. c4 c6 3. Nf3 Nf6 4. Nc3 dxc4 5. e3 b5 6. a4 b4 7. Na2 e6 8. Bxc4
Nbd7 9. a5 Qxa5 10. Bd2 Qb6 11. Qa4 Rb8 12. Nc1 Bd6 13. Qxa7 O-O 14. O-O c5 15.
Nb3 Ne4 16. Rfc1 cxd4 17. Nbxd4 Bb7 18. Be1 Ra8 19. Qxb6 Nxb6 20. Bf1 Nd5 21.
Nb5 Be7 22. Nfd4 Nc5 23. Rxa8 Rxa8 24. Bd2 g6 25. Bc4 Ne4 26. Be1 Nd6 27. Nxd6
Bxd6 28. Bb3 Be5 29. Bxd5 Bxd5 30. Bxb4 Bxd4 31. exd4 Ra2 32. Ba3 Kg7 33. f3 Kf6
34. Kf2 h5 35. h4 Kg7 36. Ke3 Kf6 37. Kf4 Ba8 38. g4 hxg4 39. fxg4 Bd5 40. g5+
Kg7 41. Ke5 Bg2 42. Kd6 Be4 43. Ke7 Bd3 44. Rd1 Be2 45. Re1 Bd3 46. Rc1 Be2 47.
Kd6 Bd3 48. Ke5 Be2 49. Ke4 Bg4 50. Kf4 Bf5 51. Ke3 Bg4 52. Kf4 Bf5 53. Kg3 Be4
54. Rc8 Ra1 55. Bd6 Ra8 56. Be5+ Kh7 57. Rc7 Kg8 58. b4 Bd3 59. Kf4 Rd8 60. Ke3
Bb5 61. Rc5 Ba6 62. b5 Bb7 63. b6 Bd5 64. Rc7 Rb8 65. Rd7 Re8 66. b7 1-0

[Event "Euro Online U2300 Day 1"]
[Site "chess.com INT"]
[Date "2020.05.25"]
[Round "4"]
[White "Bin-Nun, Peleg"]
[Black "Sevdimaliyev, Urfan"]
[Result "0-1"]
[BlackTitle "GM"]
[WhiteElo "2004"]
[BlackElo "2369"]
[WhiteFideId "2802660"]
[BlackFideId "13402463"]
[EventDate "2020.05.25"]

1. e4 c5 2. Nf3 Nc6 3. Bb5 d6 4. O-O Bd7 5. c3 Nf6 6. Re1 a6 7. Ba4 c4 8. Bc2
Bg4 9. h3 Bh5 10. g4 Bg6 11. a4 e5 12. Na3 Na5 13. d4 cxd3 14. Bxd3 Be7 15. b4
Nc6 16. Nc4 h5 17. g5 Nh7 18. h4 f6 19. Kh1 fxg5 20. Nxg5 Nxg5 21. Bxg5 Bxg5 22.
hxg5 O-O 23. Qd2 Rf4 24. Rg1 Qd7 25. Rg2 Qh3+ 26. Kg1 Rh4 27. Kf1 d5 28. Nb6 Rd8
29. Qe3 Qxe3 30. fxe3 Rh1+ 31. Rg1 Rxg1+ 32. Kxg1 Bxe4 33. Be2 g6 34. Rd1 Ne7
35. c4 d4 36. exd4 exd4 37. Bd3 Bxd3 38. Rxd3 Nc6 39. Nd5 Kg7 40. b5 axb5 41.
axb5 Ne5 42. Rd1 Nxc4 43. Rxd4 Ne3 44. Nf4 Rxd4 45. Ne6+ Kf7 46. Nxd4 Nd5 47.
Kf2 Nf4 48. Ke3 Ne6 49. Nf3 Ke7 50. Ne5 Nxg5 51. Nxg6+ Kd6 52. Kf4 Ne6+ 53. Ke4
b6 54. Nh4 Kc5 55. Ke5 Ng7 56. Kf6 Ne8+ 57. Kg5 Kxb5 58. Kxh5 Kc4 59. Nf5 b5 60.
Kg4 b4 61. Ne3+ Kd3 62. Kf3 b3 63. Nd1 Kc2 64. Ne3+ Kc1 65. Nc4 Nd6 66. Ne5 Kc2
67. Nc6 b2 68. Nb4+ Kb3 0-1

[Event "Euro Online U2300 Day 1"]
[Site "chess.com INT"]
[Date "2020.05.25"]
[Round "4"]
[White "Khachatryan, Veronika"]
[Black "Davtyan, Artur"]
[Result "1/2-1/2"]
[BlackTitle "IM"]
[WhiteElo "1869"]
[BlackElo "2461"]
[WhiteFideId "13310852"]
[BlackFideId "13308327"]
[EventDate "2020.05.25"]

1. Nf3 d5 2. d4 Nf6 3. Bf4 e6 4. e3 Bd6 5. Bg3 b6 6. c3 Bb7 7. Bd3 c5 8. Nbd2
Nc6 9. Ne5 Qc7 10. f4 Ne7 11. Bb5+ Kf8 12. O-O Nf5 13. Bf2 Be7 14. Bd3 Nd6 15.
Qf3 Nde4 16. Rad1 g6 17. Bh4 Kg7 18. Ng4 Nxg4 19. Qxg4 f5 20. Qh3 Bxh4 21. Qxh4
Nxd2 22. Rxd2 Qd8 23. Qh3 Qf6 24. Kh1 a5 25. g4 fxg4 26. Qxg4 Ba6 27. Bxa6 Rxa6
28. e4 dxe4 29. dxc5 Rf8 30. Rd6 Qf5 31. Qxf5 exf5 32. Rfd1 Rf6 33. Rxf6 Kxf6
34. Rd6+ Ke7 35. Rxb6 Ra7 36. Kg2 Rd7 37. a4 Rd2+ 38. Kf1 Rxh2 39. b4 Ra2 40.
bxa5 Rxa4 41. a6 Kd7 42. Ke2 Kc7 43. Ke3 Rc4 44. Rb7+ Kc6 45. Rxh7 Rxc3+ 46. Kd4
Ra3 47. a7 Ra4+ 48. Ke5 Kxc5 49. Rg7 e3 50. Rxg6 Rxa7 51. Rg1 e2 52. Re1 Kc4 53.
Kxf5 Kd3 54. Kg6 Ra6+ 55. Kg7 Ra5 56. Kg6 Kd2 57. Rh1 Ra4 58. f5 Rg4+ 59. Kf7
Rh4 60. Ra1 Rc4 61. f6 Rc1 62. Ra2+ Rc2 63. Ra1 Rc7+ 64. Kg8 Rc8+ 65. Kg7 Rc3
66. f7 Rg3+ 67. Kf8 Rf3 68. Ra2+ Kd1 69. Rxe2 Kxe2 70. Ke8 Re3+ 71. Kd7 Rd3+ 72.
Ke7 Re3+ 73. Kd7 Rf3 74. Ke7 Rxf7+ 75. Kxf7 1/2-1/2

[Event "Euro Online U2300 Day 1"]
[Site "chess.com INT"]
[Date "2020.05.25"]
[Round "4"]
[White "Haring, Filip"]
[Black "Berzina, Ilze"]
[Result "0-1"]
[WhiteTitle "FM"]
[BlackTitle "WGM"]
[WhiteElo "2306"]
[BlackElo "2192"]
[WhiteFideId "14933080"]
[BlackFideId "11601345"]
[EventDate "2020.05.25"]

1. Nf3 d5 2. g3 Bg4 3. Bg2 Nd7 4. O-O c6 5. d4 Ngf6 6. Nbd2 e6 7. Re1 Be7 8. e4
dxe4 9. Nxe4 Nxe4 10. Rxe4 Nf6 11. Re1 O-O 12. c3 Qb6 13. Qb3 Qa6 14. Ne5 Bf5
15. Bf1 Qb6 16. Nc4 Qc7 17. Bf4 Qd7 18. Na5 b6 19. Nc4 Nd5 20. Be3 Nxe3 21. Nxe3
Bg6 22. Rad1 Qc7 23. Bd3 Bxd3 24. Rxd3 Rad8 25. Red1 Bg5 26. f4 Be7 27. Kg2 b5
28. Qc2 Rd7 29. Qe2 Rfd8 30. Ng4 Rd5 31. Ne5 Bf6 32. Nf3 Qb7 33. Kg1 a6 34. b4
h5 35. h3 a5 36. a3 Ra8 37. g4 axb4 38. axb4 hxg4 39. hxg4 g6 40. g5 Bg7 41. Nd2
Qc7 42. Qf3 Rf5 43. Rf1 Ra2 44. Ne4 Qa7 45. Ng3 Rd5 46. Rf2 Ra1+ 47. Kg2 Qa3 48.
Rfd2 Qc1 49. Rd1 Ra2+ 50. Kh3 Qc2 51. Nf1 Rd8 52. R3d2 Qb3 53. Rxa2 Qxa2 54.
Qxc6 Qe2 55. Rc1 Bf8 56. Qg2 Qd3+ 57. Qg3 Qe2 58. Qg2 Qd3+ 59. Qg3 Qe2 60. Qe3
Qb2 61. Qd2 Qa3 62. Qc2 Kg7 63. Nd2 Bd6 64. Qb3 Qa8 65. Kg3 Rh8 66. Nf3 Qe4 67.
Ne5 Qe3+ 68. Kg2 Qxc1 69. Qc2 Qxc2+ 0-1

[Event "Euro Online U2300 Day 1"]
[Site "chess.com INT"]
[Date "2020.05.25"]
[Round "4"]
[White "Theuretzbacher, Klaus"]
[Black "Sustov, Savva"]
[Result "1-0"]
[WhiteElo "2177"]
[BlackElo "1710"]
[WhiteFideId "1601571"]
[BlackFideId "13908715"]
[EventDate "2020.05.25"]

1. Nf3 c5 2. c4 Nc6 3. Nc3 g6 4. g3 Bg7 5. Bg2 e6 6. O-O Nge7 7. d3 O-O 8. Bd2
d5 9. cxd5 exd5 10. Rc1 d4 11. Na4 b6 12. a3 Bb7 13. Qb3 Ne5 14. Nxe5 Bxg2 15.
Kxg2 Bxe5 16. e4 dxe3 17. fxe3 Qd5+ 18. Qxd5 Nxd5 19. Nc3 Nxc3 20. bxc3 Rad8 21.
d4 Bg7 22. a4 Rfe8 23. Rb1 cxd4 24. cxd4 Rc8 25. Rfc1 Rxc1 26. Bxc1 Rc8 27. Kf3
Rc2 28. h4 Bf8 29. Ra1 Bd6 30. Ba3 Bxa3 31. Rxa3 Kf8 32. e4 Ke7 33. a5 bxa5 34.
Rxa5 Rc7 35. Kf4 Rd7 36. d5 Kd6 37. e5+ Ke7 38. g4 f6 39. exf6+ Kxf6 40. Ra6+
Ke7 41. Ke5 Rb7 42. h5 gxh5 43. gxh5 Rd7 44. Rh6 Kd8 45. d6 a5 46. Ke6 a4 47.
Rf6 Ke8 48. Rf1 Ra7 49. Rb1 Ra8 50. Rg1 Kf8 51. d7 a3 52. Rf1+ Kg8 53. Ke7 a2
54. d8=Q+ Rxd8 55. Kxd8 Kg7 56. Ke7 Kh6 57. Kf6 Kxh5 58. Ra1 Kg4 59. Rxa2 h5 60.
Ra7 h4 61. Ra4+ Kg3 62. Kg5 h3 63. Ra3+ Kg2 64. Kg4 h2 65. Ra2+ Kg1 66. Kg3
h1=N+ 67. Kf3 Nf2 68. Rxf2 Kh1 69. Ra2 Kg1 70. Rb2 Kh1 71. Kg3 Kg1 72. Rb1# 1-0

[Event "Euro Online U2300 Day 1"]
[Site "chess.com INT"]
[Date "2020.05.25"]
[Round "4"]
[White "Maletina, Tatiana"]
[Black "Kilic, Eray"]
[Result "1/2-1/2"]
[WhiteTitle "WIM"]
[WhiteElo "2270"]
[BlackElo "2094"]
[WhiteFideId "24145084"]
[BlackFideId "44517173"]
[EventDate "2020.05.25"]

1. d4 d5 2. c4 c6 3. Nf3 Nf6 4. Qc2 e6 5. Nbd2 Bd6 6. g3 O-O 7. Bg2 Nbd7 8. O-O
h6 9. e4 dxe4 10. Nxe4 Nxe4 11. Qxe4 Nf6 12. Qe2 Qe7 13. c5 Bc7 14. a3 Nd5 15.
Re1 b6 16. b4 a5 17. Bd2 Ba6 18. Qe4 axb4 19. axb4 Bb5 20. Ne5 Bxe5 21. Qxe5 Qb7
22. h4 bxc5 23. bxc5 Rxa1 24. Rxa1 Ra8 25. Rb1 Ra2 26. Be1 Qd7 27. g4 Re2 28.
Qb8+ Kh7 29. g5 e5 30. gxh6 Qg4 31. Qf8 exd4 32. Qxf7 Kxh6 33. Qf3 Qg6 34. Rd1
d3 35. Bd2+ Kh7 36. Bg5 Nc3 37. Ra1 Ne4 38. Be3 Nf6 39. Rd1 Ng4 40. Bd4 d2 41.
Bc3 Rxf2 42. Qg3 Re2 43. Bf3 Re1+ 44. Rxe1 dxe1=Q+ 45. Bxe1 Ne5 46. Qxg6+ Kxg6
47. Be4+ Kh5 48. Kg2 g5 49. hxg5 Kxg5 50. Bd2+ Kf6 51. Kg3 Nc4 52. Bc3+ Ke6 53.
Bd4 Ne5 54. Kf4 Nd3+ 55. Ke3 Nb4 56. Bh7 Nd5+ 57. Kf3 Nf6 58. Bb1 Nd5 59. Ba2
Kd7 60. Ke4 Ne7 61. Bf7 Nd5 62. Ke5 Ke7 63. Bg8 Nc7 64. Be3 Nd5 65. Bg5+ Kd7 66.
Be6+ Kc7 67. Bh4 Nb4 68. Bg3 Kb7 69. Kd6 Nd3 70. Bd7 Nb4 71. Bh4 Nd5 72. Bd8 Ne3
73. Be6 Nc4+ 74. Bxc4 Bxc4 75. Bb6 Bb5 76. Bd8 Kc8 77. Bb6 Kb7 78. Bd8 Kc8 79.
Bb6 Kb7 1/2-1/2

[Event "Euro Online U2300 Day 1"]
[Site "chess.com INT"]
[Date "2020.05.25"]
[Round "4"]
[White "Hristodoulou, Panagiotis"]
[Black "Jocev, Milan"]
[Result "1-0"]
[WhiteTitle "FM"]
[BlackTitle "FM"]
[WhiteElo "2302"]
[BlackElo "2258"]
[WhiteFideId "4214340"]
[BlackFideId "900680"]
[EventDate "2020.05.25"]

1. e4 e6 2. d4 d5 3. exd5 exd5 4. Nc3 Nf6 5. Bg5 Be7 6. Bd3 Be6 7. Nge2 O-O 8.
Qd2 c5 9. dxc5 Nc6 10. O-O Qa5 11. a3 Qxc5 12. Rad1 Rac8 13. Nf4 d4 14. Bxf6
Bxf6 15. Ne4 Qe5 16. Rfe1 Rfe8 17. h3 g6 18. Nxe6 Rxe6 19. Bc4 Re7 20. Nxf6+
Qxf6 21. Rxe7 Qxe7 22. Re1 Qc5 23. Bb3 Na5 24. Ba2 Nc4 25. Qf4 Qd6 26. Qg4 Rc7
27. Re8+ Kg7 28. Bxc4 Rxc4 29. Qe4 Rc7 30. g3 h5 31. h4 Qf6 32. Kg2 Qd6 33. a4
Qf6 34. b4 Qd6 35. b5 b6 36. Qa8 Re7 37. Rg8+ Kf6 38. Qf3+ Ke6 39. Qe4+ Qe5 40.
Qc6+ Qd6 41. Qc8+ Kf6 42. Rd8 Qe5 43. Qc6+ Kg7 44. Qf3 Rc7 45. Qa8 Re7 46. Rg8+
Kf6 47. Rd8 Kg7 48. Qf3 Re6 49. Rd5 Qe4 50. Qxe4 Rxe4 51. Kf3 Rg4 52. Rd7 d3 53.
cxd3 Rxa4 54. Ke3 Kf6 55. d4 Ke6 56. Rc7 Ra5 57. Ke4 Rxb5 58. Rxa7 Rb2 59. f3 b5
60. Ra6+ Ke7 61. Rb6 b4 62. Ke5 b3 63. Rb7+ Ke8 64. Kf6 Rb1 65. Rb8+ Kd7 66.
Kxf7 b2 67. Kxg6 Kd6 68. Kxh5 Kd5 69. Rb4 Ke6 70. Kg4 Kf6 71. Rb6+ Kf7 72. f4
Ke7 73. h5 Kf7 74. h6 Kg8 75. Rb7 Kh8 76. d5 Rd1 77. Rxb2 Rxd5 78. Rb7 Rd6 79.
Kg5 Rd5+ 80. f5 Rd6 81. g4 Rc6 82. Kh5 Ra6 83. g5 Ra1 84. Kg6 Ra8 85. Rh7+ Kg8
86. f6 Ra6 87. Rg7+ Kh8 88. Rb7 Ra8 89. Rh7+ Kg8 90. f7+ 1-0

[Event "Euro Online U2300 Day 1"]
[Site "chess.com INT"]
[Date "2020.05.25"]
[Round "4"]
[White "Gallasch, Jonas"]
[Black "Juknis, Paulius"]
[Result "1-0"]
[WhiteElo "2090"]
[BlackElo "2127"]
[WhiteFideId "16222474"]
[BlackFideId "12802247"]
[EventDate "2020.05.25"]

1. d4 f5 2. c4 Nf6 3. Nc3 d6 4. g3 g6 5. Bg2 Bg7 6. Nf3 O-O 7. O-O Qe8 8. d5 Na6
9. Nd4 Nc5 10. b4 Nfe4 11. Nxe4 Nxe4 12. Be3 c5 13. dxc6 bxc6 14. Rc1 Bd7 15. b5
c5 16. Nb3 Be6 17. Qd3 a6 18. b6 Qc6 19. Rb1 a5 20. Nd2 d5 21. cxd5 Bxd5 22.
Nxe4 fxe4 23. Qc2 c4 24. Rfd1 e6 25. a4 Rf7 26. Rb5 Bf8 27. Bd4 Bb4 28. Bc3 Rb8
29. Bxb4 axb4 30. Rxb4 Rxb6 31. Rxb6 Qxb6 32. e3 Qc6 33. a5 Ra7 34. Ra1 c3 35.
Ra3 Rc7 36. a6 Qc5 37. Ra1 Qb6 38. a7 Rxa7 39. Rxa7 Qxa7 40. Qxc3 Qb7 41. h4 Qc6
42. Qe5 Qc1+ 43. Kh2 Qd2 44. Qf6 Qe2 45. Bh3 Qc4 46. Bg4 Qc8 47. h5 Qf8 48.
Bxe6+ Bxe6 49. Qxe6+ Kg7 50. hxg6 hxg6 51. Qe5+ Kg8 52. Qf4 Qe8 53. Kg2 Qe6 54.
f3 exf3+ 55. Kxf3 Qd5+ 56. e4 Qd3+ 57. Kg4 Qd7+ 58. Kg5 Qc6 59. g4 Kg7 60. Qe5+
Kh7 61. Qe7+ Kg8 62. e5 Qe4 63. Qe6+ Kh7 64. Qf7+ Kh8 65. Qxg6 Qxe5+ 66. Qf5
Qe3+ 67. Kg6 Qe8+ 68. Qf7 Qe4+ 69. Kg5 Qe3+ 70. Qf4 Qe7+ 71. Qf6+ Qxf6+ 72. Kxf6
Kg8 73. g5 Kh7 74. Kf7 Kh8 75. Kg6 Kg8 76. Kh6 Kh8 77. g6 Kg8 78. g7 1-0

[Event "Euro Online U2300 Day 1"]
[Site "chess.com INT"]
[Date "2020.05.25"]
[Round "4"]
[White "Sahakyan, Arman K."]
[Black "Timagin, Petr"]
[Result "1-0"]
[BlackTitle "FM"]
[WhiteElo "1775"]
[BlackElo "2337"]
[WhiteFideId "13310992"]
[BlackFideId "4137698"]
[EventDate "2020.05.25"]

1. d4 Nf6 2. Nf3 g6 3. Bf4 Bg7 4. e3 d6 5. h3 O-O 6. Be2 c5 7. c3 Qb6 8. Qb3 Be6
9. Qxb6 axb6 10. a3 Nc6 11. O-O Rfc8 12. Nbd2 Na5 13. Ng5 Bd7 14. Nge4 Nd5 15.
Bh2 Bh6 16. b4 Nc6 17. Bc4 Be6 18. bxc5 bxc5 19. Rfb1 Na5 20. Bxd5 Bxd5 21. Ng3
cxd4 22. cxd4 Rc2 23. Ngf1 f5 24. Rb5 Bc6 25. Rb6 Kf7 26. Rab1 Ra2 27. Rc1 Rxa3
28. Bg3 Ra2 29. Rb4 Bg7 30. Bh4 h6 31. f4 Rg8 32. g4 g5 33. fxg5 hxg5 34. Bxg5
fxg4 35. h4 g3 36. e4 g2 37. Ng3 Bf6 38. Nf3 Ra3 39. Kxg2 Nb3 40. Rc2 Na1 41.
Rf2 Ke8 42. d5 Bd7 43. Rxb7 Ra8 44. Nf5 Bxf5 45. exf5 Rc8 46. Re2 Kf7 47. Rexe7+
Bxe7 48. Rxe7+ Kf8 49. Rh7 Nc2 50. Kg3 Rc3 51. Kg4 Ne3+ 52. Kf4 Nxd5+ 53. Ke4
Nb4 54. Nd4 Rc4 55. Ke3 Nd5+ 56. Ke4 Nb4 57. Ke3 Ke8 58. Re7+ Kd8 59. Rg7+ Kc8
60. Rxg8+ Kd7 61. Rd8+ Kc7 62. Ne6+ Kb6 63. h5 Nd5+ 64. Kf3 Rc3+ 65. Ke4 Nb4 66.
Be3+ Kb7 67. Rd7+ Kb8 68. Rxd6 Nc2 69. Bd4 Rh3 70. Ng7 Rh4+ 71. Ke5 Kc7 72. Rd5
Ne1 73. Bf2 Nf3+ 74. Kf6 Rh2 75. Bg3+ Kc6 76. Rd6+ Kc5 77. Bxh2 1-0

[Event "Euro Online U2300 Day 1"]
[Site "chess.com INT"]
[Date "2020.05.25"]
[Round "4"]
[White "Hansch, Stephan"]
[Black "Werle, Iozefina"]
[Result "1-0"]
[WhiteTitle "CM"]
[BlackTitle "WGM"]
[WhiteElo "2149"]
[BlackElo "2300"]
[WhiteFideId "24692514"]
[BlackFideId "1213261"]
[EventDate "2020.05.25"]

1. d4 Nf6 2. c4 e6 3. g3 d5 4. Nf3 Bb4+ 5. Bd2 Be7 6. Bg2 O-O 7. O-O c6 8. Qc2
Nbd7 9. Bf4 Ne4 10. Nc3 f5 11. Ne5 g5 12. Nxd7 Bxd7 13. Be5 Be8 14. Nxe4 fxe4
15. f3 exf3 16. Rxf3 Bg6 17. Qd2 Rxf3 18. Bxf3 h5 19. Rf1 Qb6 20. c5 Qd8 21. h3
Kh7 22. e3 Qd7 23. Qe2 Kh6 24. e4 Rf8 25. Bg2 Rxf1+ 26. Kxf1 Qd8 27. Kg1 Bf6 28.
exd5 exd5 29. Kh2 Qe7 30. b4 Bxe5 31. dxe5 Qe6 32. Qe3 Bf5 33. h4 Qg6 34. b5 Kg7
35. hxg5 Qe6 36. a4 Kg6 37. Qd4 Kxg5 38. a5 Kg6 39. b6 a6 40. Bf1 Qe7 41. Qf4
Qxc5 42. Be2 Qe7 43. Bxh5+ Kxh5 44. Qxf5+ Qg5 45. Qh7+ Kg4 46. Qh3+ Kf3 47. Qf1+
Ke4 48. Qe2+ Kf5 49. e6 Qh6+ 50. Kg2 Qxe6 51. Qf3+ Kg6 52. Kh2 Qf5 53. Qe3 Qe4
54. Qc5 Qe2+ 55. Kh3 Qe6+ 56. Kh2 Kf5 57. Qf2+ Kg6 58. Qc5 Qf6 59. Qc2+ Kh6 60.
Qd2+ Qg5 61. Qd4 Kh7 62. Qd3+ Kg7 63. Qd4+ Kf7 64. Kg2 Qf6 65. Qg4 Qe6 66. Qf4+
Kg6 67. Qc7 Qf7 68. Qe5 c5 69. Qd6+ Qf6 70. Qxc5 d4 71. Qc2+ Qf5 72. Qxf5+ Kxf5
73. Kf3 d3 74. Ke3 Kg4 75. Kxd3 Kxg3 76. Kd4 Kf4 77. Kd5 Ke3 78. Kd6 Kd4 79. Kc7
Kc5 80. Kxb7 1-0

[Event "Euro Online U2300 Day 1"]
[Site "chess.com INT"]
[Date "2020.05.25"]
[Round "4"]
[White "Aliakbarov, Anar"]
[Black "Papakonstantinou, Dimitrios1"]
[Result "0-1"]
[WhiteTitle "FM"]
[WhiteElo "2219"]
[BlackElo "2250"]
[WhiteFideId "13401858"]
[BlackFideId "4218655"]
[EventDate "2020.05.25"]

1. d4 Nf6 2. c4 g6 3. Nc3 Bg7 4. e4 d6 5. Nf3 O-O 6. Be2 e5 7. O-O Nc6 8. d5 Ne7
9. Ne1 Nd7 10. Nd3 f5 11. Bd2 c6 12. b4 Nf6 13. f3 cxd5 14. cxd5 Bd7 15. a4 a6
16. a5 Rc8 17. Nf2 Nh5 18. Na4 Bxa4 19. Qxa4 Nf4 20. Rfe1 Nxe2+ 21. Rxe2 Rc4 22.
Rc1 Qc7 23. Ree1 fxe4 24. Qb3 Rxc1 25. Rxc1 Qd7 26. Nxe4 Nf5 27. Qc4 Nd4 28. Be3
Nb5 29. Ng5 Bh6 30. Qh4 Bxg5 31. Qxg5 Qf7 32. Rd1 Nc3 33. Rd3 Nxd5 34. Bd2 Qe6
35. h4 Nf6 36. Bc3 Rc8 37. Qd2 Rc6 38. Qe1 Qc4 39. Qd1 Nh5 40. Be1 Qe6 41. Bd2
Ng3 42. Qe1 Qc4 43. Qe3 Qxh4 44. Qh6 Qxh6 45. Bxh6 Nf5 46. Bd2 Kf7 47. g4 Nd4
48. Kg2 Nb5 49. Kg3 Ke6 50. Kh4 d5 51. Kg5 Rc2 52. Kh6 Rc7 53. Bg5 Rf7 54. Rd1
d4 55. Rd3 Kd5 56. Rd1 Nc3 57. Rd3 Kc4 58. Rd2 d3 59. Be3 Nd5 60. Bc5 Kc3 61.
Rd1 d2 62. Bd6 Kc2 63. Rxd2+ Kxd2 64. Bxe5 Nxb4 65. Bg7 Rxf3 66. Kxh7 Rg3 67. g5
Nc6 68. Kxg6 Nxa5 69. Bf8 Nc6 70. Bd6 Rg2 71. Kf6 b5 72. g6 b4 73. Bf4+ Kd3 74.
g7 Nd4 75. Bg5 Rxg5 76. Kxg5 Ne6+ 0-1